000 00524nam a2200169 4500
001 111099
003 ES-MaACL
005 20230906185236.0
007 t|
008 061121s1970 sp r ||||1| spa d
100 1 _aO'Kelly de Galway, Alberik.
_986339
245 1 3 _aLa variante Najdort de la Siciliana /
_cAlberik O'Kelly de Galway; traducción de Julio Ganzo.
260 _aMadrid :
_bAguilera,
_c1970.
300 _a182 p. :
_bil. ;
_c19 cm.
700 1 _aGanzo, Julio.
_953894
852 _aES-MaACL
_jC-50191
_bR.74879
999 _c111099
_d111099